000 00902nam a2200229Ii 4500
003 JO-AjNU
008 230605s9999||||xx |||||||||||||| ||und||
017 _a2006/11317
020 _a977-408-180-3
040 _aJO-AjNU
_bara
_erda
_cJO-AjNU
041 _aara
050 1 4 _aRA410.56.L5312 2006
100 3 _aليدستون ، جون/ م مشارك : قسم الترجمة بدار الفاروق,
_eauthor
_932340
245 0 0 _aالمهارات التسويقية والاعلامية للشركات الدوائية=presentation planning and media relation for the pharmaceutical
264 3 1 _aالقاهرة:دار الفاروق ، 2006
300 _a232ص
336 _atext
_btxt
_2rdacontent
337 _aunmediated
_bn
_2rdamedia
338 _avolume
_bnc
_2rdacarrier
490 0 _aمهارات التسويق الحديثة
650 4 _aالمهارات التسويقية
_932341
999 _aA13044
_c16612
_d16612